[Event "ROM-chT"]
[Site "Predeal"]
[Date "2007.11.21"]
[Round "9"]
[White "Zamfir, Ioan"]
[Black "Grecescu, Gabriel Andrei"]
[Result "0-1"]
[WhiteElo "2115"]
[BlackElo "2396"]
[PlyCount "56"]
[EventDate "2007.10.13"]
[EventType "team-tourn"]
[EventRounds "9"]
[EventCountry "ROU"]
[SourceTitle "EXT 2008"]
[Source "ChessBase"]
[SourceDate "2007.11.25"]
[SourceVersion "1"]
[SourceVersionDate "2007.11.25"]
[SourceQuality "1"]

1. d4 Nf6 2. Nf3 e6 3. e3 b6 4. Bd3 Bb7 5. 0-0 c5 6. c4 cxd4 7. exd4 Be7 8. Nc3 0-0 9. d5 h6 10. Bc2 Bb4 11. dxe6 dxe6 12. Bd2 Bxf3 13. gxf3 Nbd7 14. a3 Be7 15. Kh1 Ne5 16. Qe2 Nxf3 17. Be3 Nd4 18. Bxd4 Qxd4 19. Ne4 Nxe4 20. Qxe4 Qxe4+ 21. Bxe4 Rad8 22. Rad1 Bf6 23. b4 Bb2 24. a4 Ba3 25. c5 bxc5 26. b5 Bb4 27. Ra1 Rd4 28. Bf3 Ba5 0-1

[Event "ROM-chT"]
[Site "Predeal"]
[Date "2007.11.19"]
[Round "7"]
[White "Sofronie, Iulian"]
[Black "Zamfir, Ioan"]
[Result "1-0"]
[WhiteElo "2459"]
[BlackElo "2115"]
[PlyCount "37"]
[EventDate "2007.10.13"]
[EventType "team-tourn"]
[EventRounds "9"]
[EventCountry "ROU"]
[SourceTitle "EXT 2008"]
[Source "ChessBase"]
[SourceDate "2007.11.25"]
[SourceVersion "1"]
[SourceVersionDate "2007.11.25"]
[SourceQuality "1"]

1. e4 c5 2. Nf3 Nc6 3. Bb5 Qb6 4. Nc3 e6 5. 0-0 a6 6. Bxc6 Qxc6 7. d4 cxd4 8. Qxd4 d6 9. a4 b6 10. Be3 Rb8 11. Rfd1 Qc7 12. Bf4 Qc5 13. Bxd6 Bxd6 14. Qxd6 Qxd6 15. Rxd6 Nf6 16. Ne5 0-0 17. f3 Ne8 18. Rd8 Nc7 19. Rad1 1-0

[Event "ROM-ch sf"]
[Site "Baile Tusnad"]
[Date "2000.??.??"]
[Round "6"]
[White "Zamfir, Ioan"]
[Black "Doncea, Vladimir"]
[Result "1-0"]
[WhiteElo "2156"]
[BlackElo "2016"]
[PlyCount "87"]
[EventDate "2000.05.??"]
[EventType "swiss"]
[EventRounds "11"]
[EventCountry "ROU"]
[SourceTitle "EXT 2001"]
[Source "ChessBase"]
[SourceDate "2000.11.22"]
[SourceVersion "1"]
[SourceVersionDate "2000.11.22"]
[SourceQuality "1"]

1. d4 Nf6 2. Nf3 c5 3. d5 g6 4. c4 d6 5. Nc3 Bg7 6. e4 0-0 7. Bd3 e6 8. h3 exd5 9. cxd5 b5 10. Nxb5 Nxe4 11. Bxe4 Qa5+ 12. Nc3 Re8 13. 0-0 Bxc3 14. bxc3 Rxe4 15. Re1 Rxe1+ 16. Qxe1 Qc7 17. Bh6 Qd8 18. Qe3 Nd7 19. Re1 Bb7 20. c4 Rb8 21. Ng5 Ne5 22. Qc3 f6 23. Ne4 g5 24. g3 Kf7 25. f4 gxf4 26. gxf4 Ng6 27. Ng5+ Kg8 28. Re6 Nxf4 29. Qxf6 Qxf6 30. Rxf6 Nxd5 31. cxd5 Bxd5 32. Rxd6 Bf7 33. Rd7 Bg6 34. Rxa7 Rc8 35. Rg7+ Kh8 36. Nf7+ Bxf7 37. Rxf7 Kg8 38. Rf2 c4 39. Kf1 c3 40. Rc2 Rc6 41. Be3 Rf6+ 42. Ke2 Rc6 43. Bd4 Re6+ 44. Kd3 1-0

[Event "ROM-ch sf"]
[Site "Baile Tusnad"]
[Date "1999.??.??"]
[Round "1"]
[White "Florean, Andrei"]
[Black "Zamfir, Ioan"]
[Result "1-0"]
[WhiteElo "2433"]
[BlackElo "2168"]
[PlyCount "46"]
[EventDate "1999.09.??"]
[EventType "swiss"]
[EventRounds "9"]
[EventCountry "ROU"]
[SourceTitle "EXT 2000"]
[Source "ChessBase"]
[SourceDate "1999.11.16"]
[SourceVersion "1"]
[SourceVersionDate "1999.11.16"]
[SourceQuality "1"]

1. d4 d5 2. c4 e6 3. Nc3 c6 4. Nf3 dxc4 5. a4 Bb4 6. e3 b5 7. Be2 Bb7 8. 0-0 Bxc3 9. bxc3 a6 10. Ba3 Nd7 11. Nd2 Nb6 12. Ne4 Nc8 13. Rb1 Rb8 14. Nc5 Qc7 15. f4 Nge7 16. e4 0-0 17. Qd2 Nb6 18. a5 Nbc8 19. Bb4 Nd6 20. Rfe1 Rfe8 21. g4 Bc8 22. e5 Nb7 23. Nxa6 Qd8 1-0

[Event "Centrocoop op"]
[Site "Eforie Nord"]
[Date "1997.??.??"]
[Round "?"]
[White "Zamfir, Ioan"]
[Black "Helmer, Janos"]
[Result "1-0"]
[WhiteElo "1785"]
[BlackElo "2200"]
[PlyCount "71"]
[EventDate "1997.??.??"]
[EventType "swiss"]
[EventRounds "11"]
[EventCountry "ROU"]
[SourceTitle "EXT 2010"]
[Source "ChessBase"]
[SourceDate "2010.11.25"]
[SourceVersion "1"]
[SourceVersionDate "2010.11.25"]
[SourceQuality "1"]

1. d4 d6 2. Nf3 Bg4 3. c4 Bxf3 4. exf3 c6 5. Bd3 Nd7 6. 0-0 g6 7. Be3 Bg7 8. Nc3 Qb6 9. Rb1 a5 10. d5 Qc7 11. Qd2 Ngf6 12. Bh6 0-0 13. Bxg7 Kxg7 14. f4 Qb6 15. Rfe1 Rfe8 16. Bc2 Nc5 17. f5 a4 18. Re2 Qb4 19. fxg6 hxg6 20. Bd3 Rac8 21. Rbe1 Rc7 22. a3 Qa5 23. Bc2 cxd5 24. cxd5 b5 25. Qd4 Rb7 26. Na2 Rc7 27. Nb4 Qa8 28. f4 Kf8 29. f5 gxf5 30. Bxf5 Nb3 31. Qh4 Qa7+ 32. Kh1 Ng8 33. Bh7 Qd4 34. Re4 Qf6 35. Rg4 Nh6 36. Qxh6+ 1-0